Normal view
MARC view
- Intelligence officers
Entry Topical Term
001 - CONTROL NUMBER
- control field: 11290
003 - CONTROL NUMBER IDENTIFIER
- control field: NUST
005 - DATE AND TIME OF LATEST TRANSACTION
- control field: 20180627085956.0
008 - FIXED-LENGTH DATA ELEMENTS
- fixed length control field: 180627|| aca||aabn | a|a d
040 ## - CATALOGING SOURCE
- Original cataloging agency: NUST
- Transcribing agency: NUST
150 ## - HEADING--TOPICAL TERM
- Topical term or geographic name entry element: Intelligence officers
- General subdivision: Violence against
- Form subdivision: Fiction.
670 ## - SOURCE DATA FOUND
- Source citation: Work cat.: (NUST)0: Ignatius, David, 1950- 11287, Bloodmoney :, 2011.
